01174nam a2200217 a 450000100100000000500170001000800410002704000250006808200150009310000280010824501060013626000330024230000420027550400320031750503380034970000290068770000310071671000790074795201130082699900170093900004437520201002045329.0140626s2004 dr ac 000 0 spa d aDO-SdBNPbspacBNPHU axxxxbxxxx1 aMorales, Violeta93693810aGuía didactica I :beducación ambiental /cVioleta Morales, José Contreras, Josefina Espaillat. aSanto Domingo :bSEE,c2004. axii, [85] p. :bil., retrs. ;c27 cm. aBibliografía : p. 84 [85]0 gNivel básico. Primer ciclo --tResiduos sólidos, su impacto ambiental --tResiduos sólidos urbano y rurales --tGeneración de desechos sólidos --tComposición de residuos sólidos --tCaracterísticas de basura --tProblemas de salud asociados a los desechos sólidos --tProblemas ambientales asociados a la basura --12aContreras, José97237912aEspaillat, Josefina95452122aSecretaría de Estado de Educación SEE, (República Dominicana)972380 0010718PDaPDbPDcHDd2014-06-26iLF1l0oxxxx xxxxp44375-10r2020-06-25w2020-06-25yLFPDZNo se presta c43864d43864